| 000 | 00806nas a2200265 4500 | ||
|---|---|---|---|
| 001 | BR2018000693 | ||
| 003 | BR-BrBNA | ||
| 005 | 20231205131258.0 | ||
| 007 | ta | ||
| 008 | 230509b bl.|||p| |||| 00| 00por d | ||
| 040 |
_aBR-BrBNA _bpor _cBiblioteca Nacional de Agricultura |
||
| 041 | _a(Es) | ||
| 072 | _aF62 | ||
| 100 | 1 | _aValencia, W.H. | |
| 100 | 1 | _aSampaio, P. de T.B. | |
| 100 | 1 | _aSouza, L.A.G. de | |
| 245 | 1 | _aCrecimiento inicial de palo de rosa (Aniba rosaeodora Ducke)en distintos ambientes de fertilidad | |
| 650 | _aPAU ROSA | ||
| 650 | _aCRESCIMENTO | ||
| 650 | _aFLORESTA | ||
| 650 | _aMACROELEMENTO | ||
| 773 | 0 |
_tActa Amazônica (Brazil) _xISSN 0044-5967 _g(Dec 2010), v. 40(4) p. 693-698 _wBR2018000693 |
|
| 909 |
_a202311 _bLúcia _c55 _dLúcia Elande |
||
| 942 |
_2AGRIS _n0 _cANA |
||
| 999 |
_c253947 _d253947 |
||